| 000 | 00960nam a2200289 i 4500 | ||
|---|---|---|---|
| 001 | 000027444 | ||
| 003 | DO-SdBNP | ||
| 005 | 20260122072230.0 | ||
| 007 | ta | ||
| 008 | 110331s1981 dr b 000 0 spa d | ||
| 040 |
_aDO-SdBNP _bspa _cBNPHU _erda |
||
| 041 | _aspa | ||
| 082 |
_axxxx _bT786p _222 |
||
| 100 | 1 |
_aTrehan, Ranvir _eautor _954510 |
|
| 245 | 1 | 0 |
_aPotencial para el desarrollo fincas de energía en la República Dominicana : _bun análisis preliminar / _cRanvir K. Trehan, Lawrence Newman, Wayne R. Park. |
| 264 |
_aSanto Domingo : _bComisión Nacional de Política Energética, _c1981. |
||
| 300 |
_a73 páginas ; _c28 cm. |
||
| 336 |
_ardacontent _btexto _2txt |
||
| 337 |
_ardamedia _bsin mediación _2n |
||
| 338 |
_ardacarrier _bvolumen _2nc |
||
| 504 | _aBibliografía : páginas 71-73 | ||
| 590 | _aInventariado, 2026/DG | ||
| 700 | 1 |
_aNewman, Lawrence _954511 |
|
| 700 | 1 |
_aPark, Wayne R. _954512 |
|
| 910 | _aDG | ||
| 942 |
_2ddc _cLBS1 |
||
| 999 |
_c26936 _d26936 |
||